Statistiques concernant Quiz sur la Guinée-Bissau

Cliquez ici pour prendre le quiz!

Statistiques générales

  • Ce quiz a été pris 1 852 fois
  • Le résultat moyen est 11 sur 18

Statistiques - réponses

QuestionRéponse% Correct
Pays frontaliersGuinée
97%
Pays frontaliersSénégal
92%
Religion la plus pratiquéeIslam
91%
Comme ses voisins, la Guinée-Bissau a beaucoup souffert de ce triste commerceCommerce {triangulaire}
90%
Capitale et plus grande villeBissau
86%
Devise monétaire actuelleFranc {CFA}
82%
Pays auquel la Guinée-Bissau appartenait jusqu'en 1974Portugal
81%
Type de noix qui est le principal produit d'exportation de la Guinée-BissauNoix de {cajou}
79%
Dû à sa forme très irrégulière, la Guinée-Bissau, bien que petite,
a le huitième _____ le plus long du continent africain
Littoral
59%
Principal secteur de l'économie du paysAgriculture
56%
Nom commençant par M qui désigne une société dirigée par les femmes,
comme les communautés que l'on peut notamment trouver sur ces îles
Matriarcat
52%
La langue la plus parlée en Guinée-Bissau est le Créole de Guinée-Bissau.
Dans quel pays parle-t-on une langue très similaire à celle-ci ?
Cap-Vert
49%
Devise qui devrait remplacer celle-ci dans 16 pays d'Afrique de
l'Ouest dont la Guinée-Bissau dans les prochaines années
Eco
47%
Type de forêt côtière que l'on trouve en Guinée-Bissau, entre autresMangrove
43%
Trois principaux groupes ethniques (nommez-en un)Peul | Balante | Mandingue
41%
Plus jeune buteur de la sélection de football espagnole depuis 2020,
qui est né dans la capitale de la Guinée-Bissau en 2002
Ansu Fati
35%
Héros national ayant œuvré pour l'indépendance qui fut assassiné en 1973Amílcar Cabral
14%
Groupe de 88 îles situées au large de la Guinée-BissauArchipel des {Bijagos}
14%

Distribution des résultats

Percentile par nombre de réponses

% des personnes avec chaque résultat

Votre développement - résultats

Vous n’avez pas pris ce quiz